[Event "SVK ECo-C Extraliga 2018-19"]
[Site "Slovakia"]
[Date "2019.02.17"]
[Round "6"]
[White "Mrva, Martin"]
[Black "Tazbir, Marcin"]
[Result "0-1"]
[WhiteElo "2420"]
[BlackElo "2542"]
[Annotator "TA"]
[PlyCount "88"]
[EventDate "2018.11.10"]
[EventType "team-tourn"]
[EventCountry "SVK"]
[SourceTitle "playchess.com"]
[Source "ChessBase"]
[SourceQuality "1"]
[WhiteTeam "Snina"]
[BlackTeam "Dunajov"]

{[%evp 16,88,11,16,14,0,0,-3,-6,-6,0,0,0,-66,-58,-95,-84,-158,-154,-166,-166,-143,-154,-514,-510,-536,-268,-283,-285,-275,-288,-268,-270,-263,-242,-302,-283,-289,-294,-302,-301,-312,-312,-319,-319,-427,-430,-492,-492,-487,-487,-470,-454,-470,-470,-417,-421,-381,-356,-554,-516,-761,-747,-743,-739,-736,-657,-736,-729,-627,-618,-1129,-749,-1542,-1335]} 1. e4 c5 2. Nf3 d6 3. d4 cxd4 4. Nxd4 Nf6 5. Nc3 a6 6. Be2 e5 7. Nf3 Be7 8. O-O O-O 9. Re1 Nbd7 {B92: Sicilian Najdorf: 6 Be2} (9... b6 10. Bf1 Bb7 11. Nd5 Nxd5 12. exd5 Nd7 13. c4 a5 14. b3 f5 15. a3 Bf6 16. Bb2 g5 17. b4 {0-1 (50) Pasiev,R (2384)-Kokarev,D (2635) Sochi 2015}) 10. Bf1 b5 11. a4 b4 {The position is equal.} 12. Nd5 Nxd5 13. Qxd5 Rb8 14. Nd2 $146 ({White should try} 14. a5 $11) ({Predecessor:} 14. Be3 Bb7 15. Qd3 a5 16. Nd2 Nf6 17. Bg5 {0-1 (52) Bezo,S (2145)-Huliak,P (2110) Slovakia 2005}) 14... Nc5 $15 15. Qa2 Kh8 16. Bc4 (16. Nb3 $142) 16... f5 $17 17. Bd5 a5 18. exf5 Bxf5 19. Ne4 $2 {[#]} (19. Qc4 $17 {is more resistant.}) 19... b3 $1 $19 {[%mdl 512]} 20. cxb3 {intending Nxc5.} Nd3 21. Bd2 Nxe1 22. Rxe1 Bxe4 $1 23. Rxe4 Bg5 24. Be1 Qb6 $40 {[%mdl 128] Black goes for the king.} 25. Qb1 Rbc8 $1 {[%cal Rc8c1] aiming for ...Rc1.} 26. Rc4 {[#]} Rxc4 $1 27. bxc4 {[#]} Bd2 $1 {[%mdl 512]} 28. h3 (28. Bxd2 Qxf2+) 28... Qb4 29. Bxd2 Qxd2 {[%mdl 4096] Endgame KQR-KQB} 30. f3 Rb8 31. Qf5 Qc1+ 32. Kf2 Rxb2+ 33. Kg3 {[%cal Rf5f8] [#]} Qf4+ $1 34. Qxf4 exf4+ 35. Kxf4 Rxg2 {KR-KB} 36. Kf5 {[#]} Rg6 $1 37. h4 (37. f4 $142) 37... Rf6+ {Black is clearly winning.} 38. Kg5 h6+ 39. Kg4 g6 40. Bc6 Kg7 41. f4 Rf8 42. Bd7 Kf6 43. Kf3 Ke7 44. Bc6 g5 {Accuracy: White = 30%, Black = 82%.} 0-1

[Event "SVK ECo-C Extraliga 2018-19"]
[Site "Slovakia"]
[Date "2019.02.17"]
[Round "6"]
[White "Manik, Mikulas"]
[Black "Veres, Andrej"]
[Result "1-0"]
[WhiteElo "2410"]
[BlackElo "2235"]
[Annotator "TA"]
[PlyCount "41"]
[EventDate "2018.11.10"]
[EventType "team-tourn"]
[EventCountry "SVK"]
[SourceTitle "playchess.com"]
[Source "ChessBase"]
[SourceQuality "1"]
[WhiteTeam "Prakovce"]
[BlackTeam "Dubnica"]

{[%evp 19,41,25,33,10,62,43,50,73,78,62,170,50,44,42,125,133,714,711,695,696,29995,29996,29996,29997]} 1. e4 e5 2. Nf3 Nc6 3. Bb5 a6 4. Ba4 Nf6 5. O-O Be7 6. d3 b5 7. Bb3 d6 8. a4 Rb8 9. axb5 axb5 10. Nc3 O-O 11. Nd5 {C84: Closed Ruy Lopez: Unusual White 6th moves} Bg4 (11... Nxd5 $11 12. Bxd5 Nb4) (11... Nxd5 12. Bxd5 Nb4 13. Bb3 c5 14. c3 Nc6 15. Bd5 Bd7 16. h3 Bf6 17. Nh2 Ne7 {½-½ (17) Kasimdzhanov,R (2691)-Mamedyarov,S (2762) Tashkent 2016}) 12. c3 $1 $14 Qd7 13. h3 {White is slightly better.} Bh5 14. Ra6 {[#] And now Rxc6! would win.} Nd8 $146 (14... Rbe8 $14) ({Predecessor:} 14... Bd8 15. Be3 Kh8 16. Re1 Qe8 17. Kh2 Nxd5 18. Bxd5 Ne7 {1-0 (46) Libiszewski,F (2505)-Bujisho,B (2391) Pau 2012}) 15. Nxf6+ (15. Nxe5 $1 $18 dxe5 16. Nxf6+ Bxf6 17. Qxh5) 15... Bxf6 16. Nxe5 Qc8 (16... Bxe5 $14 17. Qxh5 b4) 17. Qxh5 $16 dxe5 $4 {[%mdl 8192] [#]} (17... Bxe5 $16 18. Ra2 b4) 18. Rxf6 $1 $18 {[%mdl 512]} gxf6 19. Bh6 Re8 20. Qh4 Ne6 21. Bxe6 {Accuracy: White = 64%, Black = 21%.} 1-0

[Event "SVK ECo-C Extraliga 2018-19"]
[Site "Slovakia"]
[Date "2019.02.17"]
[Round "6"]
[White "Rigo, Zsolt"]
[Black "Molnar, Erno"]
[Result "1-0"]
[WhiteElo "2395"]
[BlackElo "2252"]
[Annotator "TA"]
[PlyCount "97"]
[EventDate "2018.11.10"]
[EventType "team-tourn"]
[EventCountry "SVK"]
[SourceTitle "playchess.com"]
[Source "ChessBase"]
[SourceQuality "1"]
[WhiteTeam "Modra"]
[BlackTeam "Komarno"]

{[%evp 17,97,6,6,0,6,0,0,0,0,0,0,-7,-8,-25,0,0,39,0,74,82,72,74,85,72,85,83,145,157,125,133,202,169,172,164,161,166,164,163,168,104,170,164,166,153,157,153,136,143,194,181,245,208,347,371,330,225,229,160,179,188,304,292,304,288,303,285,307,260,443,438,455,455,455,455,455,446,589,581,909,876,758,742]} 1. Nf3 Nf6 2. c4 g6 3. Nc3 d5 4. cxd5 Nxd5 5. Qa4+ Bd7 6. Qh4 Nxc3 7. dxc3 Nc6 8. e4 e5 9. Qxd8+ Rxd8 10. Be3 {A16: English Opening: 1...Nf6 with ...d5} f6 11. Bc4 Na5 12. Be2 {The position is equal.} Be6 13. Nd2 b6 14. b4 Nb7 {[#]} 15. a4 $146 ({Predecessor:} 15. f3 h5 16. a3 Bh6 17. Bxh6 {½-½ (17) Kramnik,V (2710)-Yudasin,L (2625) Wijk aan Zee 1994}) 15... Kf7 16. O-O Be7 17. Rfb1 f5 (17... a5 $11 {keeps the balance.}) 18. Nf3 $16 Bf6 19. Ng5+ Bxg5 20. Bxg5 Rb8 21. exf5 gxf5 ({Black should play} 21... Bxf5 22. Re1 Nd6) 22. Bh5+ Kg7 {[#]} 23. Re1 $1 {[%cal Re1e5]} h6 (23... e4 $16 {was called for.}) 24. Bh4 e4 25. Bg3 Kf6 26. Bxc7 Rbc8 27. Bf4 Rxc3 28. Rec1 ({Better is} 28. f3 $18) 28... Rd3 (28... Rxc1+ $16 29. Rxc1 Rh7) 29. Rc7 $18 Rd7 30. Rac1 {aiming for Rxd7.} Rhh7 31. Rxd7 Rxd7 32. h4 Kg7 (32... Nd6 $16 33. Bxh6 Nf7) 33. Be5+ Kh7 (33... Kf8 {keeps fighting.} 34. Bf4 Kg7 35. Be5+ Kf8) 34. Kh2 Nd6 (34... Bd5 $142 35. Be8 Re7) 35. Rc6 Bf7 36. Be2 Ne8 37. Bb5 Re7 38. Bf4 h5 (38... Be6 $142 39. a5 bxa5) 39. a5 bxa5 40. bxa5 Kg7 41. Bh6+ Kg8 {intending ...Re5.} 42. Be3 Re5 $2 {[#]} (42... Nc7 {was necessary.}) 43. Rc5 {White is clearly winning.} Rxc5 44. Bxc5 {KBB-KBN} Nc7 45. Bd7 f4 46. Bxa7 Nd5 47. Bd4 e3 48. fxe3 fxe3 49. Bb5 {Accuracy: White = 81%, Black = 37%.} 1-0

[Event "SVK ECo-C Extraliga 2018-19"]
[Site "Slovakia"]
[Date "2019.02.17"]
[Round "6"]
[White "Maslik, Miroslav"]
[Black "Kukel, Imre"]
[Result "1-0"]
[WhiteElo "2361"]
[BlackElo "2292"]
[Annotator "NA"]
[PlyCount "69"]
[EventDate "2018.11.10"]
[EventType "team-tourn"]
[EventCountry "SVK"]
[SourceTitle "playchess.com"]
[Source "ChessBase"]
[SourceQuality "1"]
[WhiteTeam "Modra"]
[BlackTeam "Komarno"]
[TimeControl "40/5400+30:1800+30"]

1. d4 {[%emt 0:07:06]} Nf6 {[%emt 0:01:15]} 2. c4 {[%emt 0:04:02]} c5 {[%emt 0:03:41]} 3. d5 {[%emt 0:00:22]} b5 {[%emt 0:01:36]} 4. cxb5 {[%emt 0:00:17]} a6 {[%emt 0:00:04]} 5. b6 {[%emt 0:00:11]} e6 {[%emt 0:00:04]} 6. Nc3 {[%emt 0:01:33]} Nxd5 {[%emt 0:01:46]} 7. Nxd5 {[%emt 0:01:15]} exd5 {[%emt 0:00:03]} 8. Qxd5 {[%emt 0:00:14]} Nc6 {[%emt 0:00:03]} 9. e4 {[%emt 0:01:33]} Bb7 {[%emt 0:08:19]} 10. Bc4 {[%emt 0:02:22]} Qe7 {[%emt 0:02:53]} 11. Bg5 {[%emt 0:19:17]} f6 {[%emt 0:07:39]} 12. Bd2 {[%emt 0:00:07]} Na5 {[%emt 0:24:20]} 13. Bxa5 {[%emt 0:00:12]} Bxd5 {[%emt 0:01:27]} 14. Bxd5 {[%emt 0:01:07]} Rb8 {[%emt 0:02:46]} 15. Nf3 {[%emt 0:05:16]} Qd8 {[%emt 0:01:43]} 16. Nd2 {[%emt 0:05:23]} Bd6 {[%emt 0:03:52]} 17. Nc4 {[%emt 0:02:59]} Qe7 {[%emt 0:00:01]} 18. O-O-O {[%emt 0:02:20]} Kf8 {[%emt 0:03:21]} 19. g3 {[%emt 0:02:10]} Be5 {[%emt 0:01:51]} 20. f4 {[%emt 0:03:35]} Bd4 {[%emt 0:00:01]} 21. e5 {[%emt 0:03:55]} g6 {[%emt 0:05:23]} 22. b7 {[%emt 0:04:00]} fxe5 {[%emt 0:07:08]} 23. Bc7 {[%emt 0:02:39]} Kg7 {[%emt 0:00:03]} 24. Bd6 {[%emt 0:00:36]} Qf6 {[%emt 0:01:11]} 25. Rxd4 {[%emt 0:00:16]} Qxd6 {[%emt 0:00:16]} 26. Nxd6 {[%emt 0:00:11]} exd4 {[%emt 0:00:02]} 27. Re1 {[%emt 0:01:40]} Kf6 {[%emt 0:00:03]} 28. g4 {[%emt 0:00:53]} h6 {[%emt 0:00:01]} 29. g5+ {[%emt 0:00:37]} hxg5 {[%emt 0:01:06]} 30. fxg5+ {[%emt 0:01:23]} Kxg5 {[%emt 0:00:05]} 31. Nf7+ {[%emt 0:00:06]} Kf6 {[%emt 0:00:01]} 32. Nxh8 {[%emt 0:00:41]} Rxh8 {[%emt 0:00:01]} 33. Kd2 {[%emt 0:03:08]} Rxh2+ {[%emt 0:00:06]} 34. Kd3 {[%emt 0:00:02]} Rxb2 {[%emt 0:00:21]} 35. Bb3 {[%emt 0:00:02]} 1-0

[Event "SVK ECo-C Extraliga 2018-19"]
[Site "Slovakia"]
[Date "2019.02.17"]
[Round "6"]
[White "Motuz, Karol"]
[Black "Leniart, Arkadiusz"]
[Result "1/2-1/2"]
[WhiteElo "2355"]
[BlackElo "2498"]
[Annotator "TA"]
[PlyCount "75"]
[EventDate "2018.11.10"]
[EventType "team-tourn"]
[EventCountry "SVK"]
[SourceTitle "playchess.com"]
[Source "ChessBase"]
[SourceQuality "1"]
[WhiteTeam "Dubnica"]
[BlackTeam "Prakovce"]

{[%evp 13,75,19,39,40,28,39,44,44,40,48,58,0,0,0,0,0,0,0,0,0,0,0,0,-8,0,0,0,0,0,0,0,0,0,-9,0,-10,-16,-8,-8,-9,0,0,0,0,0,0,0,0,0,0,0,0,0,0,-1,-4,0,0,0,0,0,0,0,0]} 1. e4 e5 2. Nf3 Nc6 3. d4 exd4 4. Nxd4 Bc5 5. Nb3 Bb4+ 6. Nc3 {C45: Scotch Game} Nf6 7. Bd3 d5 {LiveBook: 5 Games} 8. O-O {White is slightly better.} dxe4 9. Nxe4 Nxe4 10. Bxe4 Qxd1 11. Rxd1 Bd7 12. Nd4 $146 ({White should play} 12. Bxc6 $14 bxc6 13. a3) ({Predecessor:} 12. Be3 O-O-O 13. Bd5 {½-½ (40) Areshchenko,A (2701)-Leniart,A (2488) Gorzow Wielkopolski 2014}) 12... O-O-O $1 $11 {The position is equal.} 13. Bg5 f6 14. Nxc6 Bxc6 15. Bxc6 fxg5 16. Bf3 c6 17. Rxd8+ Rxd8 {[%mdl 4096] Endgame KRB-KRB} 18. Rd1 Bd6 19. g3 Kc7 20. Kg2 a5 21. a4 h6 22. Rd3 Rf8 23. Be4 Re8 24. Re3 Bc5 25. Re2 Bd4 26. b3 b5 27. Bd3 Rb8 28. Re4 Bf6 29. f4 gxf4 30. Rxf4 Kd6 31. Kf3 Kc5 32. Rf5+ Kb4 33. Rf4+ Kc3 34. Rf5 bxa4 35. Rc5+ Kb2 {[#] ...a3 is the strong threat.} 36. bxa4 Bc3 37. Rxc6 Rb4 38. Bb5 {Precision: White = 75%, Black = 71%.} 1/2-1/2

[Event "SVK ECo-C Extraliga 2018-19"]
[Site "Slovakia"]
[Date "2019.02.17"]
[Round "6"]
[White "Jacko, Vladimir"]
[Black "Kovacik, Emil"]
[Result "1/2-1/2"]
[WhiteElo "2317"]
[BlackElo "2066"]
[Annotator "TA"]
[PlyCount "134"]
[EventDate "2018.11.10"]
[EventType "team-tourn"]
[EventCountry "SVK"]
[SourceTitle "playchess.com"]
[Source "ChessBase"]
[SourceQuality "1"]
[WhiteTeam "Prakovce"]
[BlackTeam "Dubnica"]

{[%evp 16,134,66,73,94,74,74,74,79,75,75,75,75,75,74,81,100,97,93,28,22,8,27,24,22,25,25,17,56,56,60,56,75,65,67,68,84,60,60,60,65,60,66,66,66,66,75,75,75,75,66,52,80,60,80,79,79,75,82,60,67,67,67,69,75,0,48,42,42,21,64,59,73,73,73,78,138,34,34,34,35,11,89,29,56,56,69,60,52,22,22,22,35,8,8,5,3,3,3,2,2,2,2,2,2,0,2,2,3,0,2,2,2,2,3,3,3,3,3,0,12]} 1. d4 d5 2. Nf3 Nf6 3. c4 e6 4. Nc3 Be7 5. g3 O-O 6. Bg2 dxc4 7. O-O c5 8. dxc5 Qxd1 {E05: Open Catalan: 5 Nf3 Be7} 9. Rxd1 {LiveBook: 5 Games} Nbd7 $146 ({Predecessor:} 9... Bxc5 10. Ne5 Nfd7 11. Nxc4 Nc6 12. Ne4 Be7 13. Ned6 Rd8 14. Be3 Nf8 15. Rd2 f6 16. f4 Ng6 17. Rad1 Kf8 18. a3 {1-0 (35) Inarkiev,E (2684)-Kitir,A (2020) Ankara 2018}) 10. c6 bxc6 {White is better.} 11. Nd4 Bb7 12. Nxc6 Bxc6 13. Bxc6 Rad8 14. Bb5 Nb6 15. Be3 Nfd5 16. Nxd5 $1 Rxd5 17. a4 (17. Rxd5 $16 Nxd5 18. Bxa7) 17... Bf6 $11 18. Rdb1 Rfd8 19. Bxb6 axb6 20. Bxc4 Rd2 21. Ra2 Rd1+ 22. Rxd1 Rxd1+ $14 {[%mdl 4096] Endgame KRB-KRB} 23. Kg2 Rd2 24. a5 bxa5 25. Rxa5 g6 26. b3 Be7 27. Ra7 Bf8 28. Rb7 Rb2 29. f4 h5 30. Kf3 Ra2 31. h3 Bc5 32. Rb8+ Kg7 33. Rc8 Bd4 34. Ke4 Bf2 35. g4 hxg4 36. hxg4 Ra7 37. Rb8 Be1 38. Kf3 Rc7 39. Bd3 Bd2 40. b4 ({White should try} 40. e3 $16) 40... g5 41. f5 exf5 42. gxf5 Bf4 43. Ra8 Re7 44. b5 Re3+ 45. Kf2 Rh3 {[#]} (45... Re7 $142) 46. Ra4 (46. f6+ $1 $16 {[%mdl 512]} Kxf6 47. b6) 46... Be3+ 47. Kg2 Rh4 48. Ra6 Rh6 (48... Bd4 $11) 49. Ra8 (49. Kf3 $16 Rxa6 50. bxa6) 49... Rd6 50. Kf3 Bb6 51. Rb8 Bg1 52. Rb7 Rd4 53. Rc7 Bh2 54. b6 Rb4 {The position is equal.} 55. Rc6 Be5 56. Bc4 {Threatens to win with e4.} f6 57. Bd5 g4+ 58. Kg2 Kh6 59. Re6 Kg5 60. b7 Kxf5 61. Re8 Kf4 62. Ra8 Rb2 63. Ra4+ Kg5 64. Kf2 Rb5 65. Bc6 Rb6 66. Bg2 Rb3 {And now ...Bg3+ would win.} 67. Bd5 Rb5 {Precision: White = 67%, Black = 52%.} 1/2-1/2

[Event "SVK ECo-C Extraliga 2018-19"]
[Site "Slovakia"]
[Date "2019.02.17"]
[Round "6"]
[White "Vojtek, Vladimir"]
[Black "Druska, Juraj"]
[Result "0-1"]
[WhiteElo "2313"]
[BlackElo "2443"]
[Annotator "NA"]
[PlyCount "80"]
[EventDate "2018.11.10"]
[EventType "team-tourn"]
[EventCountry "SVK"]
[SourceTitle "playchess.com"]
[Source "ChessBase"]
[SourceQuality "1"]
[WhiteTeam "Dubnica"]
[BlackTeam "Prakovce"]
[TimeControl "40/5400+30:1800+30"]

1. e4 {[%emt 0:00:00]} c5 {[%emt 0:00:49]} 2. f4 {[%emt 0:00:00]} g6 {[%emt 0:13:40]} 3. Nf3 {[%emt 0:00:08]} Bg7 {[%emt 0:00:06]} 4. c3 {[%emt 0:00:05]} d6 {[%emt 0:11:35]} 5. Bb5+ {[%emt 0:00:06]} Bd7 {[%emt 0:01:13]} 6. Bxd7+ {[%emt 0:00:06]} Qxd7 {[%emt 0:01:18]} 7. d4 {[%emt 0:00:06]} Nf6 {[%emt 0:11:17]} 8. e5 {[%emt 0:15:28]} Nd5 {[%emt 0:10:41]} 9. dxc5 {[%emt 0:07:47]} dxc5 {[%emt 0:02:55]} 10. O-O {[%emt 0:01:00]} O-O {[%emt 0:03:46]} 11. Qe2 {[%emt 0:07:47]} Rd8 {[%emt 0:09:59]} 12. Na3 {[%emt 0:04:18]} Nc6 {[%emt 0:03:49]} 13. Bd2 {[%emt 0:02:49]} Qe6 {[%emt 0:10:11]} 14. Ng5 {[%emt 0:08:28]} Qc8 {[%emt 0:00:13]} 15. e6 {[%emt 0:06:06]} f6 {[%emt 0:04:27]} 16. Nf7 {[%emt 0:02:47]} Rf8 {[%emt 0:00:05]} 17. f5 {[%emt 0:01:06]} gxf5 {[%emt 0:02:24]} 18. Nh6+ {[%emt 0:06:58]} Kh8 {[%emt 0:00:10]} 19. Nxf5 {[%emt 0:09:07]} Rg8 {[%emt 0:00:29]} 20. Rf3 {[%emt 0:02:20]} Qe8 {[%emt 0:04:46]} 21. Rh3 {[%emt 0:07:40]} Rd8 {[%emt 0:01:38]} 22. Rf1 {[%emt 0:04:09]} Ne5 {[%emt 0:01:09]} 23. Qe4 {[%emt 0:04:01]} Bf8 {[%emt 0:01:39]} 24. Qh4 {[%emt 0:04:42]} Qg6 {[%emt 0:00:56]} 25. Rg3 {[%emt 0:00:11]} Qe8 {[%emt 0:00:05]} 26. Rh3 {[%emt 0:03:17]} Qg6 {[%emt 0:00:01]} 27. Rg3 {[%emt 0:00:32]} Qe8 {[%emt 0:00:01]} 28. Nc2 {[%emt 0:00:34]} Rxg3 {[%emt 0:00:47]} 29. Qxg3 {[%emt 0:00:31]} Qg6 {[%emt 0:00:06]} 30. Qf2 {[%emt 0:00:34]} Nc7 {[%emt 0:00:19]} 31. Be3 {[%emt 0:01:18]} Nxe6 {[%emt 0:01:14]} 32. h3 {[%emt 0:00:47]} b6 {[%emt 0:00:41]} 33. Qe2 {[%emt 0:00:45]} Ng5 {[%emt 0:00:54]} 34. Bxg5 {[%emt 0:00:27]} Qxg5 {[%emt 0:00:05]} 35. Nfe3 {[%emt 0:00:35]} Qg6 {[%emt 0:01:11]} 36. Qa6 {[%emt 0:00:32]} Qe4 {[%emt 0:02:35]} 37. Qxa7 {[%emt 0:00:33]} Bh6 {[%emt 0:00:06]} 38. Re1 {[%emt 0:00:17]} Rg8 {[%emt 0:00:38]} 39. Re2 {[%emt 0:00:45]} Nc4 {[%emt 0:00:50]} 40. Kf2 {[%emt 0:00:43]} Bxe3+ {[%emt 0:00:37]} 0-1

[Event "SVK ECo-C Extraliga 2018-19"]
[Site "Slovakia"]
[Date "2019.02.17"]
[Round "6"]
[White "Holtman, Teodor"]
[Black "Jurcik, Martin"]
[Result "0-1"]
[WhiteElo "2273"]
[BlackElo "2346"]
[Annotator "NA"]
[PlyCount "65"]
[EventDate "2018.11.10"]
[EventType "team-tourn"]
[EventCountry "SVK"]
[SourceTitle "playchess.com"]
[Source "ChessBase"]
[SourceQuality "1"]
[WhiteTeam "Snina"]
[BlackTeam "Dunajov"]
[TimeControl "40/5400+30:1800+30"]

1. e4 {[%emt 0:00:00]} c5 {[%emt 0:00:00]} 2. Nc3 {[%emt 0:00:00]} Nc6 {[%emt 0:00:47]} 3. Nf3 {[%emt 0:00:00]} Nf6 {[%emt 0:01:11]} 4. d4 {[%emt 0:01:47]} d5 {[%emt 0:01:01]} 5. Bb5 {[%emt 0:02:37]} dxe4 {[%emt 0:02:03]} 6. Ne5 {[%emt 0:06:26]} cxd4 {[%emt 0:06:27]} 7. Nxc6 {[%emt 0:05:09]} bxc6 {[%emt 0:04:56]} 8. Bxc6+ {[%emt 0:00:01]} Bd7 {[%emt 0:00:09]} 9. Bxa8 {[%emt 0:00:15]} dxc3 {[%emt 0:00:04]} 10. Bd5 {[%emt 0:00:47]} cxb2 {[%emt 0:00:19]} 11. Bxf7+ {[%emt 0:00:03]} Kxf7 {[%emt 0:00:12]} 12. Bxb2 {[%emt 0:00:05]} Qa5+ {[%emt 0:02:32]} 13. Qd2 {[%emt 0:04:17]} Qxd2+ {[%emt 0:01:57]} 14. Kxd2 {[%emt 0:00:01]} g6 {[%emt 0:00:45]} 15. Bd4 {[%emt 0:07:00]} Bh6+ {[%emt 0:02:37]} 16. Be3 {[%emt 0:08:57]} Bxe3+ {[%emt 0:02:15]} 17. Kxe3 {[%emt 0:03:15]} Rc8 {[%emt 0:01:42]} 18. Kd2 {[%emt 0:04:08]} e3+ {[%emt 0:08:29]} 19. Kxe3 {[%emt 0:02:33]} Rxc2 {[%emt 0:00:21]} 20. Rhc1 {[%emt 0:03:33]} Ng4+ {[%emt 0:02:53]} 21. Kd4 {[%emt 0:00:14]} Rd2+ {[%emt 0:08:22]} 22. Kc3 {[%emt 0:02:42]} Rxf2 {[%emt 0:02:28]} 23. Rf1 {[%emt 0:00:32]} Rf5 {[%emt 0:07:48]} 24. Kd4 {[%emt 0:12:04]} Kf6 {[%emt 0:09:56]} 25. h3 {[%emt 0:02:04]} e5+ {[%emt 0:01:28]} 26. Kc5 {[%emt 0:00:18]} Ne3 {[%emt 0:00:11]} 27. Rxf5+ {[%emt 0:00:52]} gxf5 {[%emt 0:00:01]} 28. Kd6 {[%emt 0:00:51]} Bb5 {[%emt 0:03:06]} 29. g3 {[%emt 0:06:23]} f4 {[%emt 0:01:21]} 30. gxf4 {[%emt 0:01:27]} exf4 {[%emt 0:00:01]} 31. Re1 {[%emt 0:02:56]} Kf5 {[%emt 0:01:54]} 32. Kc5 {[%emt 0:00:16]} a6 {[%emt 0:00:23]} 33. Kd4 {Ke5+} 0-1

[Event "SVK ECo-C Extraliga 2018-19"]
[Site "Slovakia"]
[Date "2019.02.17"]
[Round "6"]
[White "Janko, Zoltan"]
[Black "Stohl, Igor"]
[Result "0-1"]
[WhiteElo "2261"]
[BlackElo "2488"]
[Annotator "RC"]
[PlyCount "50"]
[EventDate "2018.11.10"]
[EventType "team-tourn"]
[EventCountry "SVK"]
[SourceTitle "playchess.com"]
[Source "ChessBase"]
[SourceQuality "1"]
[WhiteTeam "Komarno"]
[BlackTeam "Modra"]
[TimeControl "40/5400+30:1800+30"]

1. e4 {[%emt 0:00:00]} c5 {[%emt 0:00:00]} 2. Nf3 {[%emt 0:00:00]} d6 {[%emt 0:00:03]} 3. d4 {[%emt 0:00:32]} cxd4 {[%emt 0:00:11]} 4. Nxd4 {[%emt 0:00:06]} Nf6 {[%emt 0:00:11]} 5. Nc3 {[%emt 0:00:06]} a6 {[%emt 0:00:11]} 6. Bg5 {[%emt 0:01:51]} e6 {[%emt 0:02:07]} 7. f4 {[%emt 0:01:19]} h6 {[%emt 0:00:33]} 8. Bh4 {[%emt 0:00:54]} Qb6 {[%emt 0:00:36]} 9. Qd2 {[%emt 0:02:42]} Qxb2 {[%emt 0:00:21]} 10. Rb1 {[%emt 0:02:19]} Qa3 {[%emt 0:00:57]} 11. Bxf6 {[%emt 0:02:20]} gxf6 {[%emt 0:00:48]} 12. f5 {[%emt 0:00:31]} Nc6 {[%emt 0:04:46]} 13. fxe6 {[%emt 0:05:42]} fxe6 {[%emt 0:01:33]} 14. Be2 {[%emt 0:20:49]} Nxd4 {[%emt 0:39:15]} 15. Qxd4 {[%emt 0:10:28]} Bg7 {[%emt 0:04:03]} 16. Bh5+ {[%emt 0:11:28]} Ke7 {[%emt 0:00:22]} 17. Nd5+ {[%emt 0:05:36]} exd5 {[%emt 0:01:46]} 18. Qxd5 {[%emt 0:00:38]} Qc3+ {[%emt 0:00:55]} 19. Kd1 {[%emt 0:05:32]} Qc7 {[%emt 0:02:25]} 20. e5 {[%emt 0:03:48]} dxe5 {[%emt 0:07:26]} 21. Kc1 {[%emt 0:00:49]} Rf8 {[%emt 0:09:03]} 22. Rd1 {[%emt 0:04:36]} f5 {[%emt 0:02:33]} 23. Rb3 {[%emt 0:11:21]} e4 {[%emt 0:05:59]} 24. Rg3 {[%emt 0:01:33]} Be5 {[%emt 0:01:08]} 25. Rg8 {[%emt 0:03:31]} Be6 {[%emt 0:01:40]} 0-1

[Event "SVK ECo-C Extraliga 2018-19"]
[Site "Slovakia"]
[Date "2019.02.17"]
[Round "6"]
[White "Banas, Kamil"]
[Black "Szilard, Ladislav"]
[Result "1-0"]
[WhiteElo "2248"]
[BlackElo "2120"]
[Annotator "NA"]
[PlyCount "79"]
[EventDate "2018.11.10"]
[EventType "team-tourn"]
[EventCountry "SVK"]
[SourceTitle "playchess.com"]
[Source "ChessBase"]
[SourceQuality "1"]
[WhiteTeam "Modra"]
[BlackTeam "Komarno"]
[TimeControl "40/5400+30:1800+30"]

1. e4 {[%emt 0:00:00]} e6 {[%emt 0:00:00]} 2. d4 {[%emt 0:00:00]} d5 {[%emt 0:00:00]} 3. Nc3 {[%emt 0:00:00]} Nf6 {[%emt 0:03:32]} 4. e5 {[%emt 0:00:37]} Nfd7 {[%emt 0:00:47]} 5. f4 {[%emt 0:01:25]} c5 {[%emt 0:01:45]} 6. Nf3 {[%emt 0:00:54]} Nc6 {[%emt 0:00:22]} 7. Be3 {[%emt 0:00:07]} a6 {[%emt 0:02:51]} 8. Qd2 {[%emt 0:00:45]} Be7 {[%emt 0:05:58]} 9. Be2 {[%emt 0:00:10]} b5 {[%emt 0:00:57]} 10. dxc5 {[%emt 0:00:10]} Bxc5 {[%emt 0:03:27]} 11. O-O {[%emt 0:02:29]} Qb6 {[%emt 0:04:31]} 12. Bf2 {[%emt 0:03:14]} Bb7 {[%emt 0:07:19]} 13. a3 {[%emt 0:00:58]} h6 {[%emt 0:02:49]} 14. b4 {[%emt 0:02:28]} Bxf2+ {[%emt 0:00:28]} 15. Rxf2 {[%emt 0:00:01]} Rc8 {[%emt 0:08:15]} 16. Re1 {[%emt 0:03:56]} g6 {[%emt 0:04:51]} 17. Bd3 {[%emt 0:04:51]} Ne7 {[%emt 0:09:11]} 18. Nd1 {[%emt 0:03:44]} Qc7 {[%emt 0:03:51]} 19. Kh1 {[%emt 0:02:22]} Nb6 {[%emt 0:00:46]} 20. Qc1 {[%emt 0:02:47]} Nc4 {[%emt 0:01:10]} 21. Qa1 {[%emt 0:00:47]} Qb6 {[%emt 0:03:38]} 22. Rfe2 {[%emt 0:02:55]} Rg8 {[%emt 0:02:43]} 23. Nf2 {[%emt 0:01:58]} h5 {[%emt 0:02:41]} 24. Nh3 {[%emt 0:00:31]} Nf5 {[%emt 0:01:29]} 25. Nhg5 {[%emt 0:02:25]} Rh8 {[%emt 0:01:45]} 26. Bxf5 {[%emt 0:03:02]} gxf5 {[%emt 0:00:10]} 27. Nd4 {[%emt 0:04:15]} Ke7 {[%emt 0:00:38]} 28. Nxf5+ {[%emt 0:05:35]} exf5 {[%emt 0:00:21]} 29. Nxf7 {[%emt 0:00:05]} Rhg8 {[%emt 0:09:28]} 30. Nd6 {[%emt 0:00:54]} Ke6 {[%emt 0:00:39]} 31. Qc3 {[%emt 0:04:24]} Rg4 {[%emt 0:04:23]} 32. Nxf5 {[%emt 0:03:10]} Kxf5 {[%emt 0:06:35]} 33. Qd3+ {[%emt 0:00:33]} Ke6 {[%emt 0:00:16]} 34. Qh7 {[%emt 0:00:17]} Rf8 {[%emt 0:01:59]} 35. Qh6+ {[%emt 0:00:03]} Ke7 {[%emt 0:00:26]} 36. e6 {[%emt 0:00:06]} Rgxf4 {[%emt 0:00:38]} 37. Qh7+ {[%emt 0:00:14]} Kf6 {[%emt 0:02:08]} 38. Qh6+ {[%emt 0:00:29]} Ke7 {[%emt 0:03:37]} 39. Qg7+ {[%emt 0:00:01]} Ke8 {[%emt 0:00:16]} 40. Qd7# {Rh8} 1-0